| 000 | 00576nam a22001817a 4500 | ||
|---|---|---|---|
| 003 | OSt | ||
| 005 | 20140310181751.0 | ||
| 008 | 130627t xxu||||| |||| 00| 0 eng d | ||
| 020 | _a9789712335761 | ||
| 050 |
_aQA 152.2 _b.Or74 2003 |
||
| 082 |
_aFIL 512 _bOr6 2003 |
||
| 100 | _aOronce, Orlando A. | ||
| 245 |
_aExploring Mathematics IV, advanced algebra and trigonometry : _bworktext in Mathematics for secondary schools / _cOrlando A. Oronce. |
||
| 260 |
_aManila : _bRex Bookstore, _cc2003. |
||
| 300 |
_axi, 583 p. : _c26 cm. |
||
| 942 |
_2lcc _cBK |
||
| 999 |
_c3236 _d3236 |
||